000
003140000a22001450004500
001
005237
003
MACL
040
_a
MACL
090
_c
17230
_d
17229
245
_a
Intekhab Makhzan
_b
Sharar Molvi Ab.Haleem
260
_a
Makhzan Press Lahore
350
_a
1.50
650
_a
Urdu Literature
942
_k
891
_c
Book
999
_c
17119
_d
17119